000 00318nam a2200133Ia 4500
008 191201s1998 xx 000 0 und d
100 _aVIDYASAGAR, P V
245 0 _aHand Book of Textiles
250 _a1st
260 _aN.Delhi
_bMittle Publications
_c1998
300 _a395
650 _aB.Tech(TE)
942 _2ddc
_cBK
999 _c2523
_d2523